000 00379nam a22001457a 4500
008 210430b ||||| |||| 00| 0 eng d
020 _a304520202885973
041 _aeng
080 _29th
_a159.9
082 _a159.9
100 _a48
101 _aPSI
245 _aCharacteristics of Emotional and Behavioral Disorders of Children and Youth
_cKauffman,J,M
942 _2udc
_cBK
999 _c57059
_d57059